Guidelines for soil profile description

Zapisane w:
Opis bibliograficzny
Format: Książka
Język:Undetermined
Wydane: Rome FAO 1977
Hasła przedmiotowe:
Etykiety: Dodaj etykietę
Nie ma etykietki, Dołącz pierwszą etykiete!
Thư viện lưu trữ: Trung tâm Học liệu Trường Đại học Cần Thơ
LEADER 00406nam a2200157Ia 4500
001 CTU_38504
008 210402s9999 xx 000 0 und d
082 |a 631.44 
082 |b F218 
245 0 |a Guidelines for soil profile description 
260 |a Rome 
260 |b FAO 
260 |c 1977 
650 |a soil science 
904 |i Liên, 990405 
980 |a Trung tâm Học liệu Trường Đại học Cần Thơ